Stay strong / (Record no. 3318)
[ view plain ]
| 000 -LEADER | |
|---|---|
| fixed length control field | 00724nam a22002417a 4500 |
| 001 - CONTROL NUMBER | |
| control field | 3318 |
| 003 - CONTROL NUMBER IDENTIFIER | |
| control field | FISKH |
| 005 - DATE AND TIME OF LATEST TRANSACTION | |
| control field | 20240227122011.0 |
| 008 - FIXED-LENGTH DATA ELEMENTS--GENERAL INFORMATION | |
| fixed length control field | 240227b cb ||||| |||| 00| 0 eng d |
| 040 ## - CATALOGING SOURCE | |
| Original cataloging agency | FISK |
| Language of cataloging | eng |
| Transcribing agency | FISK |
| Modifying agency | FISK |
| 050 ## - LIBRARY OF CONGRESS CALL NUMBER | |
| Classification number | E185.W474 |
| 082 ## - DEWEY DECIMAL CLASSIFICATION NUMBER | |
| Classification number | 170.835 |
| 100 ## - MAIN ENTRY--PERSONAL NAME | |
| Personal name | Williams Terrie : |
| Dates associated with a name | 1954 |
| 245 ## - TITLE STATEMENT | |
| Title | Stay strong / |
| Statement of responsibility, etc. | Terrie Williams |
| 260 ## - PUBLICATION, DISTRIBUTION, ETC. | |
| Place of publication, distribution, etc. | New York : |
| Name of publisher, distributor, etc. | Terrie Williams, |
| Date of publication, distribution, etc. | 2001 |
| 300 ## - PHYSICAL DESCRIPTION | |
| Extent | 219 pages : |
| Other physical details | 23 cm : |
| 490 ## - SERIES STATEMENT | |
| Series statement | Simple life lessons for teens |
| 501 ## - WITH NOTE | |
| With note | Q |
| 520 ## - SUMMARY, ETC. | |
| Summary, etc. | Recently added by JPFam, CBCHefei, booksatasteal, KMSLibraryNB, BellefaireJCB, Kelly_LaFaille, HCPHPL, SoulSingh |
| 521 8# - TARGET AUDIENCE NOTE | |
| Target audience note | 890 |
| Source | Q |
| 700 ## - ADDED ENTRY--PERSONAL NAME | |
| Personal name | Terrie Williams |
| 942 ## - ADDED ENTRY ELEMENTS (KOHA) | |
| Source of classification or shelving scheme | Dewey Decimal Classification |
| Koha item type | Books |
| Suppress in OPAC | No |
| Withdrawn status | Lost status | Source of classification or shelving scheme | Damaged status | Not for loan | Collection | Home library | Current library | Shelving location | Date acquired | Total Checkouts | Full call number | Barcode | Date last seen | Copy number | Price effective from | Koha item type |
|---|---|---|---|---|---|---|---|---|---|---|---|---|---|---|---|---|
| Dewey Decimal Classification | Non-Fiction | Footprints International School Library Network Toul Kork Campus | Footprints International School Library Network Toul Kork Campus | TTP Secondary Non-Fiction Bookshelves | 02/27/2024 | WIL E185.W474 170.835 | 2024-0122 | 02/27/2024 | 1 | 02/27/2024 | Books | |||||
| Dewey Decimal Classification | Non-Fiction | Footprints International School Library Network Toul Kork Campus | Footprints International School Library Network Toul Kork Campus | TTP Secondary Non-Fiction Bookshelves | 03/15/2024 | WIL E185.W474 170.835 | 2024-0349 | 03/15/2024 | 2 | 03/15/2024 | Books |
